Birthday letters / (Record no. 121934)
[ view plain ]
| 000 -LEADER | |
|---|---|
| fixed length control field | 00794mam a2200289ua 4500 |
| 001 - CONTROL NUMBER | |
| control field | 2115182 |
| 003 - CONTROL NUMBER IDENTIFIER | |
| control field | ARRUPE |
| 005 - DATE AND TIME OF LATEST TRANSACTION | |
| control field | 20150129144322.0 |
| 008 - FIXED-LENGTH DATA ELEMENTS--GENERAL INFORMATION | |
| fixed length control field | 980120s1998 enk 000 0 eng d |
| 010 ## - LIBRARY OF CONGRESS CONTROL NUMBER | |
| LC control number | gb 98013499 |
| 015 ## - NATIONAL BIBLIOGRAPHY NUMBER | |
| National bibliography number | GB98-13499 |
| 020 ## - INTERNATIONAL STANDARD BOOK NUMBER | |
| International Standard Book Number | 0571194729 (cased) |
| 035 ## - SYSTEM CONTROL NUMBER | |
| System control number | (OCoLC)ocm38363508 |
| 035 ## - SYSTEM CONTROL NUMBER | |
| System control number | (NNC)2115182 |
| 040 ## - CATALOGING SOURCE | |
| Original cataloging agency | HLS |
| Transcribing agency | HLS |
| Modifying agency | GZM |
| -- | UKM |
| 050 #4 - LIBRARY OF CONGRESS CALL NUMBER | |
| Classification number | PR6058.U37 |
| Item number | B57 1998x |
| 082 04 - DEWEY DECIMAL CLASSIFICATION NUMBER | |
| Classification number | 821.914 |
| Edition number | 21 |
| 300 ## - PHYSICAL DESCRIPTION | |
| Dimensions | 23 cm. |
| 100 1# - MAIN ENTRY--PERSONAL NAME | |
| Personal name | Hughes, Ted, |
| Dates associated with a name | 1930-1998. |
| 9 (RLIN) | 14773 |
| 245 10 - TITLE STATEMENT | |
| Title | Birthday letters / |
| Statement of responsibility, etc | Ted Hughes. |
| 260 ## - PUBLICATION, DISTRIBUTION, ETC. (IMPRINT) | |
| Place of publication, distribution, etc | London : |
| Name of publisher, distributor, etc | Faber and Faber, |
| Date of publication, distribution, etc | 1998. |
| 300 ## - PHYSICAL DESCRIPTION | |
| Extent | ix, 197 p. ; |
| 500 ## - GENERAL NOTE | |
| General note | Poems. |
| 600 10 - SUBJECT ADDED ENTRY--PERSONAL NAME | |
| Personal name | Plath, Sylvia |
| Form subdivision | Poetry. |
| 9 (RLIN) | 14774 |
| 600 10 - SUBJECT ADDED ENTRY--PERSONAL NAME | |
| Personal name | Hughes, Ted, |
| Dates associated with a name | 1930-1998 |
| Form subdivision | Poetry. |
| 9 (RLIN) | 14775 |
| 942 ## - ADDED ENTRY ELEMENTS (KOHA) | |
| Source of classification or shelving scheme | Library of Congress Classification |
| Koha item type | Monograph ( Printed materials) |
| Withdrawn status | Lost status | Source of classification or shelving scheme | Damaged status | Not for loan | Collection code | Home library | Current library | Shelving location | Date acquired | Total Checkouts | Full call number | Barcode | Date last seen | Price effective from | Koha item type |
|---|---|---|---|---|---|---|---|---|---|---|---|---|---|---|---|
| Library of Congress Classification | Main Collection | ARRUPE LIBRARY | ARRUPE LIBRARY | Main Collection | 29/01/2015 | PR6013.U65 B5 1998x | 46500002985 | 29/01/2015 | 29/01/2015 | Monograph ( Printed materials) |